00506nam a2200145Ia 4500003000900000008004100009020002600050040001600076100002600092245005400118260003200172300002000204490003300224856010300257IN-BaIIA211028s9999 xx s 000 0 eng d a9780819435781 (Print) cIIA Library aErbacher, Robert, ed. 0aVisual Data Exploration and Analysis VIIh[eBook] aWashington, USAbSPIEc2000 aOnline resource aProceedings of SPIE; V. 3960 uhttps://www.spiedigitallibrary.org/conference-proceedings-of-spie/3960yClick Here to Access eBook